Statistics for Landlocked Countries Quiz

Click here to take the quiz!

General Stats

  • This quiz has been taken 142,669 times
    (142,624 since last reset)
  • The average score is 33 of 45

Answer Stats

Area Country % Correct
1,564,100Mongolia
90%
2,724,900Kazakhstan
86%
1,284,000Chad
85%
83,871Austria
84%
1,267,000Niger
81%
41,284Switzerland
81%
1,098,581Bolivia
81%
447,400Uzbekistan
80%
49,035Slovakia
80%
406,752Paraguay
80%
0.44Vatican City
80%
78,867Czech Republic
79%
160Liechtenstein
79%
468Andorra
79%
2586Luxembourg
79%
147,181Nepal
79%
93,028Hungary
76%
61San Marino
76%
1,240,192Mali
76%
488,100Turkmenistan
76%
619,745South Sudan
75%
30,355Lesotho
75%
622,984Central African Republic
74%
199,951Kyrgyzstan
74%
143,100Tajikistan
73%
26,338Rwanda
71%
647,500Afghanistan
71%
38,394Bhutan
70%
582,000Botswana
69%
207,600Belarus
68%
241,038Uganda
68%
17,364Eswatini
68%
88,361Serbia
68%
752,612Zambia
68%
10,908Kosovo
66%
390,757Zimbabwe
66%
27,834Burundi
64%
118,484Malawi
63%
33,846Moldova
62%
25,713North Macedonia
62%
236,800Laos
62%
274,222Burkina Faso
62%
86,600Azerbaijan
61%
29,743Armenia
59%
1,104,300Ethiopia
59%

Score Distribution

Percentile by Number Answered

Percent of People with Each Score

Your Score History

You have not taken this quiz since the last reset